[Event "40th IND-chT Open 2020"]
[Site "Ahmedabad"]
[Date "2020.02.10"]
[Round "5.1"]
[White "Raja Harshit"]
[Black "Adhiban, B.."]
[Result "0-1"]
[WhiteElo "2472"]
[BlackElo "2654"]
[Annotator "TA"]
[PlyCount "84"]
[EventDate "2020.02.05"]
[EventCountry "IND"]
[SourceTitle "playchess.com"]
[Source "ChessBase"]
[SourceQuality "1"]

{[%evp 16,83,23,23,27,16,62,56,58,48,70,31,80,98,79,84,97,-120,-120,-120,-120,-136,-132,-193,-185,-230,-236,-322,-318,-316,-309,-520,-520,-520,-520,-520,-520,-520,-520,-520,-520,-506,-505,-514,-512,-503,-520,-521,-518,-554,-535,-506,-493,-660,-658,-657,-652,-637,-606,-779,-780,-743,-704,-847,-815,-856,-849,-29998,-29999,-29999]} 1. e4 e5 2. Nf3 Nc6 3. Bb5 a6 4. Ba4 Nf6 5. O-O Bc5 6. c3 b5 7. Bb3 d6 8. d4 Bb6 9. a4 Bg4 {C78: Ruy Lopez: Archangelsk and Möller Defences.} 10. h3 Bh5 11. Bg5 Rb8 {White is slightly better.} 12. d5 Ne7 {[%cal Bc6e7,Be7g6,Bg6f4][%mdl 32]} 13. Bc2 {[#]} (13. Bxf6 $5 gxf6 14. Nbd2 $14) 13... h6 $146 ({Predecessor:} 13... Ng6 14. g4 Bxg4 15. hxg4 h5 16. Nh2 hxg4 17. Kh1 Qd7 18. Bxf6 gxf6 19. Rg1 Bxf2 20. Rxg4 {0-1 (32) Schroeder,J (2513)-Carlstedt,J (2440) Rhodes 2015}) 14. Bxf6 $1 gxf6 15. Kh2 Rg8 16. Qd3 $2 (16. axb5 $16 {stays on course.} axb5 17. Na3) 16... Rxg2+ $1 $17 17. Kxg2 {aiming for Nh4.} Ng6 18. Kh2 {Black must now prevent Ne1.} Nf4 19. Rg1 ({Not} 19. Qd1 $2 Qc8 $19) (19. Nd4 $17 {keeps fighting.} Nxd3 20. Nc6) 19... Ke7 $19 ({Much less strong is} 19... Nxd3 20. Rg8+ Kd7 21. Rxd8+ Kxd8 22. Bxd3 $15) 20. Qd2 Bxf3 $40 {[%mdl 128] Black attacks with force.} 21. Bd3 {[#]} Qd7 $1 {[%csl Gf4][%cal Rd7h3][%mdl 512]} 22. Rg3 {[#]} Bg2 $1 {[%mdl 512] Threatens to win with ...Rg8!} 23. axb5 $2 {[#]} (23. Qxf4 {might work better.} exf4 24. Rxg2) (23. Rxg2 Qxh3+) 23... Rg8 $1 {[%cal Rg8g3][%mdl 512] ( -> ...Rxg3)} 24. Qxf4 (24. Rxg8 Qxh3+) 24... exf4 25. Rxg2 Rxg2+ 26. Kxg2 Qc8 27. Nd2 Qg8+ 28. Kf3 {[#]} Bxf2 $1 {[%mdl 576] Remove Defender, Decoy} 29. Kxf2 Qg3+ {[%mdl 64] Double Attack} 30. Ke2 Qe3+ 31. Kd1 Qxd3 32. bxa6 {[%mdl 4096] Endgame And now a7 would win. KQ-KRN} f3 33. Kc1 {Strongly threatening a7.} f2 34. Ra4 f1=Q+ 35. Nxf1 Qxf1+ {KQ-KR} 36. Kc2 {Hoping for a7.} Qf2+ 37. Kd3 {intending a7.} Qxb2 38. Kc4 Qb1 39. a7 Qxe4+ 40. Kb5 Qxd5+ 41. Ka6 {[#]} Qc6+ $1 {[%mdl 64] Double Attack} 42. Ka5 Qb6# {Accuracy: White = 44%, Black = 90%.} 0-1

[Event "40th IND-chT Open 2020"]
[Site "Ahmedabad"]
[Date "2020.02.10"]
[Round "5.2"]
[White "Gupta, Abhijeet"]
[Black "Puranik, Abhimanyu"]
[Result "1-0"]
[WhiteElo "2608"]
[BlackElo "2597"]
[Annotator "TA"]
[PlyCount "77"]
[EventDate "2020.02.05"]
[EventCountry "IND"]
[SourceTitle "playchess.com"]
[Source "ChessBase"]
[SourceQuality "1"]

{[%evp 9,77,12,22,-20,19,16,24,0,12,14,47,17,12,11,20,28,41,11,10,4,2,0,-4,-20,4,-12,0,0,0,0,0,0,0,0,0,0,0,0,0,0,48,21,16,10,14,10,44,0,0,0,156,0,0,0,173,166,164,161,156,138,188,195,384,379,356,374,364,364,347,344]} 1. d4 Nf6 2. c4 g6 3. Nc3 d5 4. Nf3 Bg7 5. h4 c6 6. Bg5 {D90: Grünfeld: 4 Nf3 Bg7 sidelines.} O-O 7. Bxf6 Bxf6 8. e3 {[#] White has an edge.} dxc4 $146 ({Predecessor:} 8... h5 9. Qc2 Kg7 10. O-O-O Qa5 11. Be2 Na6 12. a3 dxc4 13. Nd2 b5 14. g4 hxg4 {0-1 (28) Mirzoev,E (2478)-Delchev,A (2564) Anogia 2019}) 9. Bxc4 c5 10. Ne4 cxd4 11. Nxf6+ exf6 12. Nxd4 Qb6 {...Qb4+ is the strong threat.} 13. Rc1 Qxb2 14. O-O Nc6 15. Bb3 Nxd4 16. exd4 Qa3 17. Rc5 b6 18. Rc6 Qe7 19. d5 Bb7 20. d6 Qe4 {[%mdl 64] Double Attack} 21. Bd5 Qe5 $1 22. Re1 Qh5 $1 {[%cal Rh5d1] aiming for ...Qxd1.} 23. Qxh5 gxh5 24. d7 $36 {[%mdl 2048] Black is under pressure.} Rfd8 25. Re7 (25. Rd6 $5 {[%cal Rd5b7]} Bxd5 26. Rxd5 $14) 25... Bxc6 26. Bxc6 $11 {[%mdl 4096] Endgame KRR-KRB} Kf8 27. Re3 Rab8 28. Kf1 {[%mdl 1024] White has compensation.} b5 29. Ke2 b4 $2 (29... a5 $1 $11) 30. Ba4 $2 (30. Kf3 $1 $16) 30... f5 $1 31. Kf3 a6 $2 {[#]} (31... f6 $1 $11) 32. Kf4 $1 $18 Kg7 33. Re8 Kf6 {[#]} 34. Ke3 $1 Kg6 35. Kd4 f6 $2 (35... Kf6 {is a better defense.} 36. Kc5 h6) 36. Kc5 Kf7 37. Bb3+ Kg7 38. Re7+ Kg6 39. Ba4 {Accuracy: White = 80%, Black = 73%.} 1-0

[Event "40th IND-chT Open 2020"]
[Site "Ahmedabad"]
[Date "2020.02.10"]
[Round "5.3"]
[White "Visakh N R"]
[Black "Karthikeyan, Murali"]
[Result "1/2-1/2"]
[WhiteElo "2518"]
[BlackElo "2602"]
[Annotator "TA"]
[PlyCount "186"]
[EventDate "2020.02.05"]
[EventCountry "IND"]
[SourceTitle "playchess.com"]
[Source "ChessBase"]
[SourceQuality "1"]

{[%evp 12,186,26,28,31,18,31,29,14,18,22,19,13,17,8,8,27,18,4,10,20,-6,-6,-9,0,-14,-12,-11,-15,-28,0,0,0,0,0,0,0,0,0,0,7,6,9,10,43,0,0,0,0,0,0,0,0,0,0,0,0,0,0,0,0,0,0,0,0,0,8,0,0,0,0,0,0,0,0,0,0,0,0,0,175,168,175,175,508,502,526,479,523,321,557,564,451,384,739,697,661,639,638,629,557,505,419,419,400,356,338,211,211,211,212,211,211,0,0,0,0,0,0,0,0,0,0,0,0,0,0,0,0,0,0,0,0,0,0,0,0,0,0,0,0,0,0,0,0,0,0,0,0,0,0,0,0,0,0,0,0,0,0,0,0,0,0,0,0,0,0,0,0,0,0,0,0,0,0,0,0]} 1. d4 Nf6 2. Nf3 e6 3. c4 d5 4. Nc3 Be7 5. Bf4 O-O 6. e3 b6 7. Bd3 dxc4 {Nowadays more popular than 7...Bb7. D37: Queen's Gambit Declined: 5 Bf4.} 8. Bxc4 Ba6 9. Bxa6 Nxa6 {White has an edge.} 10. Qe2 Qc8 11. O-O c5 12. Rad1 Qb7 13. e4 cxd4 14. Nxd4 Rfd8 15. Bg5 h6 {[#]} 16. Bxf6 $146 ({Predecessor:} 16. Bh4 Rd7 17. Ndb5 Rad8 18. Rxd7 Rxd7 19. e5 Ne8 20. Bxe7 Rxe7 21. f4 Rd7 22. f5 {½-½ (86) Kuljasevic,D (2534)-Dragnev,V (2485) Le Castella 2018}) 16... Bxf6 17. e5 Be7 18. Ndb5 Nc7 19. Nxc7 Qxc7 20. Nb5 Qb7 21. Nd6 Bxd6 22. Rxd6 Rxd6 23. exd6 $11 {[%mdl 4096] Endgame KQR-KQR} Rd8 24. Rd1 Qc6 25. Qd3 Qd5 26. Qxd5 exd5 27. Rxd5 {KR-KR} g6 28. f3 Kg7 29. Kf2 Kf6 30. Rd2 Ke6 31. Re2+ Kf6 32. Rd2 Ke6 33. d7 (33. Ke3 {with more complications.} Rxd6 34. Rxd6+ Kxd6 35. Ke4 Ke6 36. Kd4) 33... Rxd7 34. Rxd7 Kxd7 {KP-KP} 35. Ke3 Kd6 36. Kd4 Ke6 37. Kc4 a6 $1 38. Kd4 Kd6 39. b4 Ke6 40. Ke4 Kd6 41. Kd4 Ke6 42. h4 Kd6 43. g3 Ke6 44. g4 Kd6 45. g5 hxg5 $2 (45... h5 $1 $11 {and Black is okay.}) 46. hxg5 $18 {[#] a4 is the strong threat.} Ke6 47. a4 {Threatens to win with a5.} Kd6 $2 (47... Kf5) 48. a5 Kc6 49. Ke5 {Black must now prevent Kf6.} bxa5 50. bxa5 {[#] Strongly threatening Kf6. K3P-K3P} Kb5 51. Kf6 Kxa5 52. Kxf7 {KPP-KPP} Kb5 53. f4 a5 54. f5 a4 55. fxg6 {White wants to mate with g7. KPP-KP} a3 56. g7 a2 57. g8=Q {White threatens Qa8 and mate.} a1=Q {intending ...Qa2+. KQ-KQ} 58. Qb8+ Kc4 59. g6 Qf1+ 60. Kg8 Qf5 61. Qe8 Kc3 62. g7 $2 (62. Qc6+ Kd4 $18) (62. Qf7 $18 Qc8+ 63. Kg7) 62... Kb2 {The position is equal.} 63. Qe2+ Ka1 64. Qe1+ Kb2 65. Qh4 Ka1 66. Kh8 Qe5 67. Qg4 {And now Qd1+ would win.} Qh2+ 68. Kg8 Qb8+ 69. Kh7 Qh2+ 70. Kg6 Qd6+ 71. Kh5 Qh2+ 72. Qh4 Qe2+ $1 73. Kh6 Qe6+ 74. Kh7 Qf5+ $1 75. Kh8 Qe5 76. Qh1+ Kb2 77. Qf3 Ka1 78. Kh7 Qh2+ 79. Kg6 Qg1+ 80. Kf7 (80. Kf5 $5 {[%cal Rf3a8]} Qc5+ 81. Kg4 Qd4+ {[%mdl 64] Double Attack} 82. Kg5 Qxg7+ 83. Kh4 $11) 80... Qa7+ 81. Kg8 {Qc3+ would kill now.} Qb8+ 82. Qf8 Qb3+ 83. Qf7 Qb8+ 84. Kh7 Qh2+ 85. Kg6 Qg2+ 86. Kf6 Qf2+ 87. Ke7 Qa7+ 88. Kf8 Qb8+ 89. Qe8 Qf4+ 90. Kg8 (90. Ke7 $5 {[%cal Re8a8]} Qe4+ 91. Kf7 Qf4+ 92. Kg8 Qc4+ 93. Kh7 (93. Kf8 Qf4+ 94. Qf7 Qb8+ 95. Qe8 Qf4+ $11) 93... Qh4+ 94. Kg8 Qc4+ 95. Kh7 (95. Kf8 Qf4+ 96. Qf7 Qb8+ 97. Qe8 Qf4+ $11) 95... Qh4+ 96. Kg8 Qc4+ $11) 90... Qc4+ 91. Qf7 Qb3 92. Kf8 Qb8+ 93. Qe8 Qf4+ {Accuracy: White = 92%, Black = 93%.} 1/2-1/2

[Event "40th IND-chT Open 2020"]
[Site "Ahmedabad"]
[Date "2020.02.10"]
[Round "5.4"]
[White "Lalith Babu M R"]
[Black "Harshavardhan G B"]
[Result "1-0"]
[WhiteElo "2550"]
[BlackElo "2377"]
[Annotator "TA"]
[PlyCount "80"]
[EventDate "2020.02.05"]
[EventCountry "IND"]
[SourceTitle "playchess.com"]
[Source "ChessBase"]
[SourceQuality "1"]

{[%evp 17,80,16,43,38,31,26,39,40,56,44,116,83,108,66,74,77,92,79,102,122,156,157,140,139,181,125,125,133,129,69,175,187,173,58,161,154,156,154,118,133,131,125,120,121,151,160,300,305,279,140,195,195,252,242,238,230,231,249,703,731,29984,-356,418,0,6195]} 1. d4 Nf6 2. Nf3 g6 3. c4 Bg7 4. Nc3 O-O 5. e4 d6 6. h3 Na6 7. Bg5 Qe8 8. Be2 e5 9. d5 Nh5 10. g3 {E90: King's Indian: Classical: Early deviations and 6 h3.} f5 11. exf5 gxf5 12. Nh4 {White is slightly better.} Nf6 13. Qc2 h6 (13... Nb4 $14 14. Qd2 Na6) 14. Bd2 {[#]} Nb4 $146 ({Predecessor:} 14... Nc5 15. Be3 e4 16. O-O-O Bd7 17. Kb1 a6 18. Qd2 b5 19. Rdg1 Rb8 20. Bxh6 e3 21. Qxe3 Qxe3 22. Bxe3 {1-0 (42) Kacheishvili,G (2603)-Vouldis,A (2539) Athens 2003}) 15. Qb3 $36 {[%mdl 2048] White has some pressure.} a5 16. a3 Na6 17. Qc2 Nc5 18. Be3 e4 19. Nb5 Qf7 20. O-O-O Ne8 21. Ng2 ({White should play} 21. Kb1 $18) 21... Bd7 $16 22. Nf4 Be5 23. h4 (23. Kb1 $16) 23... c6 {[#]} (23... Bxf4 $14 24. gxf4 (24. Bxf4 Bxb5 25. cxb5 Qg7 $11) 24... Bxb5 25. cxb5 Kh7) 24. dxc6 $1 $18 Bxc6 25. Bxc5 (25. Rhg1 $18) 25... Bxf4+ (25... dxc5 $14 26. h5 Qf6) 26. gxf4 dxc5 27. Rhg1+ Kh7 28. Qc3 Ng7 29. Rd6 {Threatens to win with h5.} Rad8 30. Qxa5 Rxd6 31. Nxd6 {[%mdl 64] Discovered Attack} Qf6 (31... Qe7 $16 32. Qxc5 Rf6) 32. Qxc5 Rd8 33. Nb5 (33. Nxb7 $18 Bxb7 34. Qc7) 33... Qxh4 {[#]} (33... Ne6 $16 {keeps fighting.} 34. Qe5 Qxe5 35. fxe5 Nf4) 34. Nd4 $1 {And now Rxg7+! would win.} (34. Qe5 Rd7 $11) 34... Qxf4+ (34... Qf6 {was worth a try.}) 35. Kb1 Rd7 36. Nxc6 bxc6 37. Qxc6 Qxf2 $2 {[#]} (37... Rd6 38. Qc5 (38. Qb7 Rg6 $18) 38... Qh2) 38. Rh1 $1 {[%mdl 512]} Qa7 39. Rh5 $4 {[%mdl 8192]} (39. c5 {mates} Rd4 40. Rxh6+ Kg8 41. Qc8+ Kf7 42. Bh5+ Ke7 43. Qg8 Qd7 44. Qxg7+ Kd8 45. Qf6+ Kc7 46. Qb6+ Kc8 47. Rh8+ Qd8 48. c6) 39... Kg8 $4 {[%mdl 8192]} (39... Nxh5 $19 {avoids the disaster.} 40. Bxh5 Rg7) 40. c5 $2 (40. Rxh6 $18 {c5 is the strong threat.} Qg1+ 41. Ka2) 40... Qc7 $2 {[%mdl 8192] Accuracy: White = 64%, Black = 41%.} (40... Nxh5 $11 41. Qe6+ (41. Bxh5 Re7 $11) 41... Rf7 42. Bxh5 {[%mdl 64] Pin} Qe7) 1-0

[Event "40th IND-chT Open 2020"]
[Site "Ahmedabad"]
[Date "2020.02.10"]
[Round "5.5"]
[White "Prasenjit Dutta"]
[Black "Vignesh N R"]
[Result "1/2-1/2"]
[WhiteElo "2285"]
[BlackElo "2436"]
[Annotator "TA"]
[PlyCount "65"]
[EventDate "2020.02.05"]
[EventCountry "IND"]
[SourceTitle "playchess.com"]
[Source "ChessBase"]
[SourceQuality "1"]

{[%evp 14,65,35,11,26,16,22,20,15,16,29,15,20,24,35,29,51,4,0,7,0,7,0,0,0,-14,0,0,0,0,0,-23,-15,-17,-7,-18,0,0,0,0,0,0,8,4,12,14,14,6,98,25,35,9,11,0]} 1. e4 e5 2. Nf3 Nc6 3. Bc4 Bc5 4. O-O Nf6 5. d3 O-O 6. c3 d6 7. Re1 {now supersedes 7.Bb3.} h6 8. h3 Bb6 {C54: Giuoco Piano: 4 c3 Nf6, main lines with 5 d4 and 5 d3.} 9. Bb3 Ne7 10. Nbd2 {[%cal Bb1d2,Bd2f1,Bf1g3][%mdl 32]} c6 11. Nf1 Ng6 12. Ng3 Be6 13. d4 Re8 14. Bc2 Qd7 {[#]} 15. dxe5 $146 ({Predecessor:} 15. Be3 Qc7 16. Qd2 Rad8 17. Nf5 Bxf5 18. exf5 Nf8 19. Bxh6 N8h7 20. Be3 Nd5 21. Bb3 {1-0 (31) Bauer,C (2605)-Sargissian,G (2660) Paris 2009}) 15... Nxe5 16. Nxe5 dxe5 17. Qf3 Qe7 18. a4 a5 19. Be3 Bc5 20. Rad1 Rad8 21. Rxd8 Rxd8 22. Rd1 {[#] Black must now prevent Rxd8+.} Rxd1+ 23. Bxd1 Nd7 24. Bc2 b5 25. Nf5 Bxf5 26. exf5 Bxe3 27. Qxe3 Qc5 28. Qd2 Nf6 29. Qd8+ {[%mdl 64] Double Attack} Kh7 30. Bb3 e4 {[#]} (30... Qa7 $11) 31. Bxf7 ({White should play} 31. g4 $1 $16 Nd5 32. Bxd5 cxd5 33. Qe8 (33. Qxa5 e3 $11) 33... bxa4 34. Qxf7) 31... Qxf5 $11 32. axb5 cxb5 33. Qxa5 {Accuracy: White = 87%, Black = 90%.} 1/2-1/2

[Event "40th IND-chT Open 2020"]
[Site "Ahmedabad"]
[Date "2020.02.10"]
[Round "5.6"]
[White "Shyaamnikhil P"]
[Black "Santu, Mondal"]
[Result "1/2-1/2"]
[WhiteElo "2460"]
[BlackElo "2093"]
[Annotator "TA"]
[PlyCount "54"]
[EventDate "2020.02.05"]
[EventCountry "IND"]
[SourceTitle "playchess.com"]
[Source "ChessBase"]
[SourceQuality "1"]

{[%evp 14,54,18,18,15,20,30,29,16,8,11,19,15,6,13,11,8,2,14,0,0,-4,29,16,40,-8,0,0,0,0,0,0,0,0,0,0,0,0,0,0,0,0,0]} 1. Nf3 d5 2. g3 c6 3. Bg2 e6 4. O-O f5 5. b3 Nf6 6. d4 Bd6 7. Ba3 O-O 8. c4 b6 {A90: Dutch Defence: Miscellaneous and Modern Stonewall (with ...Bd6).} 9. Qc1 Bb7 10. Nc3 Ne4 {[#] Strongly threatening ...Bxa3.White has an edge.} 11. Na4 $146 ({Predecessor:} 11. Bxd6 Qxd6 12. Qb2 Nd7 13. Rfd1 Rad8 14. b4 Ba6 15. c5 Qe7 16. e3 Bc4 17. cxb6 axb6 {½-½ (34) Jakovenko,D (2733)-Tomashevsky,E (2716) Tbilisi 2015}) 11... Qe7 12. Bxd6 Qxd6 13. Nb2 Nd7 14. Nd3 c5 15. Rd1 Rfd8 16. Qb2 dxc4 17. bxc4 cxd4 18. Nxd4 Qe7 19. Rac1 Qf6 {The position is equal.} 20. e3 Ndc5 21. Nxc5 Nxc5 22. Bxb7 Nxb7 23. Qa3 Nc5 24. Nc6 Rdc8 25. Nd4 Rd8 26. Nc6 Rdc8 27. Nd4 Rd8 {Accuracy: White = 94%, Black = 93%.} 1/2-1/2

[Event "40th IND-chT Open 2020"]
[Site "Ahmedabad"]
[Date "2020.02.10"]
[Round "5.7"]
[White "Aradhya, Garg"]
[Black "Deepan Chakkravarthy J."]
[Result "1/2-1/2"]
[WhiteElo "2169"]
[BlackElo "2545"]
[Annotator "TA"]
[PlyCount "73"]
[EventDate "2020.02.05"]
[EventCountry "IND"]
[SourceTitle "playchess.com"]
[Source "ChessBase"]
[SourceQuality "1"]

{[%evp 14,73,20,13,32,20,36,29,22,19,22,11,20,0,0,-28,-16,-12,0,0,0,0,0,-26,-4,-5,0,0,0,0,0,0,21,19,21,14,14,0,0,0,0,0,0,4,2,0,4,0,0,0,0,0,0,-31,-34,-46,-46,-1330,-6,-1165,-4,-902]} 1. d4 d5 2. c4 e6 3. Nc3 Nf6 4. cxd5 exd5 5. Bg5 Be7 6. e3 O-O 7. Bd3 h6 8. Bf4 Be6 {D35: Queen's Gambit Declined: Exchange Variation.} 9. Nf3 Nbd7 10. O-O Nh5 {[#] White has an edge.} 11. h3 $146 ({Predecessor:} 11. Ne5 Nxf4 12. exf4 Nf6 13. Qf3 c6 14. Rae1 Re8 15. g4 Bb4 16. g5 Bxc3 17. bxc3 hxg5 18. fxg5 {½-½ (28) Bychkov,V (2215)-Tikhomirov,A (2162) Krasnoyarsk 2016}) 11... Nxf4 12. exf4 {[#] Hoping for f5.} Nb6 13. Bc2 Bd6 14. f5 Bd7 15. Ne5 c6 16. Qd3 {Threatening mate with f6!} f6 17. Ng6 Re8 18. Rae1 Qc7 19. Rc1 Nc4 20. b3 Na3 21. Bd1 Qa5 22. Bh5 Nb5 (22... a6 {is more complex.} 23. Nh4 Re7 24. Ng6 Ree8) 23. Nxb5 Qxb5 24. Qxb5 cxb5 25. Bf3 Bxf5 26. Bxd5+ {[%mdl 64] [#] Double Attack} Kh7 27. Nh4 Be4 28. Bxe4+ Rxe4 {[%mdl 64] Double Attack} 29. Nf5 Rd8 30. Nxd6 Rxd6 $11 {[%mdl 4096] Endgame KRR-KRR} 31. Rc7 Rexd4 32. Rxb7 a6 33. Re1 Rd1 34. Kf1 R6d2 35. Kg1 $2 {[%mdl 8192]} (35. a4 $15) 35... Rd7 $2 (35... Rxe1+ $19 36. Kh2 Rxa2) 36. Rf1 $2 {[%mdl 8192]} (36. Kh2 $11) 36... R1d4 $2 ({Better is} 36... Rxf1+ $19 37. Kxf1 Rxb7) 37. Ra7 $2 {[%mdl 40960] Accuracy: White = 62%, Black = 78%. . An unexpected result.} (37. Rxd7 $11 Rxd7 38. f3) 1/2-1/2

[Event "40th IND-chT Open 2020"]
[Site "Ahmedabad"]
[Date "2020.02.10"]
[Round "5.8"]
[White "Swapnil, S. Dhopade"]
[Black "Adarsh Tripathi"]
[Result "1-0"]
[WhiteElo "2495"]
[BlackElo "2100"]
[Annotator "TA"]
[PlyCount "77"]
[EventDate "2020.02.05"]
[EventCountry "IND"]
[SourceTitle "playchess.com"]
[Source "ChessBase"]
[SourceQuality "1"]

{[%evp 18,81,27,-8,-6,-3,-3,-7,0,0,26,9,5,6,14,7,43,33,51,41,229,245,283,275,281,283,283,282,274,278,296,285,386,370,412,407,423,422,404,412,397,396,490,327,541,534,684,684,684,677,669,669,670,658,840,840,825,805,910,910,904,904,902,883,845,829]} 1. Nf3 Nf6 2. g3 g6 3. b3 Bg7 4. Bb2 b6 5. Bg2 Bb7 6. O-O O-O 7. c4 c5 8. d4 cxd4 9. Qxd4 Nc6 10. Qd2 d5 {A30: Symmetrical English: Double Fianchetto and Hedgehog.} 11. cxd5 Qxd5 12. Nc3 Qh5 {[#] The position is equal.} 13. Rfd1 $146 ({Predecessor:} 13. Qg5 Qxg5 14. Nxg5 Rfd8 15. Rfd1 h6 16. Nh3 Rac8 17. Rac1 Ng4 18. Rxd8+ Nxd8 19. Bxb7 Nxb7 {1-0 (48) Hollinger,S-Giselbrecht,J corr 1965}) 13... Bh6 14. Qc2 Nb4 15. Qb1 Bg7 16. Rd4 $36 {[%mdl 2048] White is pushing.} Na6 (16... Nc6 $5 {[%cal Rc6d4]} 17. Rh4 Qf5 $11) 17. Qd1 Ng4 18. Nd5 e6 $2 ({Better is} 18... Rae8 $14) 19. h3 $18 Nf6 {[%cal Rf6d5] [#]} 20. g4 $1 Qxd5 21. Rxd5 Bxd5 22. g5 Nh5 23. Bxg7 Nxg7 24. Qd4 Rfd8 {White must now prevent ...Bxf3.} 25. Rd1 Nc5 26. Ne5 Nf5 27. Qb2 Bxg2 28. Rxd8+ Rxd8 29. Kxg2 Ne4 {intending ...Nh4+.} 30. Nf3 h6 $2 (30... Nc5 31. Qe5 Nd6) 31. gxh6 {White is clearly winning.} Nxh6 32. Qe5 Nd2 33. Qg5 {[%mdl 64] [#] Double Attack} Rd5 34. Qxh6 Nxf3 35. Kxf3 {[%mdl 4096] Endgame KQ-KR} b5 36. b4 Rh5 37. Qc1 Rxh3+ 38. Kg2 Rh4 39. Qc8+ {Played: Qc1-c5} 1-0

[Event "40th IND-chT Open 2020"]
[Site "Ahmedabad"]
[Date "2020.02.10"]
[Round "5.9"]
[White "Erigaisi Arjun"]
[Black "Anadkat Kartavya"]
[Result "1-0"]
[WhiteElo "2563"]
[BlackElo "2152"]
[Annotator "TA"]
[PlyCount "187"]
[EventDate "2020.02.05"]
[EventCountry "IND"]
[SourceTitle "playchess.com"]
[Source "ChessBase"]
[SourceQuality "1"]

{[%evp 16,195,47,31,29,19,10,15,14,0,19,18,18,8,27,25,27,23,52,42,61,58,57,31,50,29,28,1,13,0,10,0,12,18,10,0,2,0,0,0,44,29,31,23,23,14,56,42,44,18,35,0,0,0,31,10,30,23,30,12,30,30,33,0,101,65,53,48,107,85,108,75,91,91,91,91,91,83,83,83,83,83,83,83,108,67,83,17,37,0,83,59,83,83,83,83,83,83,106,100,290,63,176,0,260,169,163,108,336,337,304,218,234,233,225,213,233,231,211,80,80,80,80,20,8,0,8,0,0,0,0,0,0,0,0,0,0,0,51,51,51,51,51,51,51,51,51,51,51,51,51,51,51,8,8,8,8,8,8,8,8,0,75,75,29962,5531,29975,29976,29976,29977,29977,29978,29978,29979,29979,29980,29980,29981,29984,29985,29986,29986]} 1. Nf3 f5 2. g3 Nf6 3. Bg2 g6 4. d4 Bg7 5. O-O O-O 6. b3 d6 7. Bb2 c6 8. c4 Qc7 9. Nbd2 a5 {A87: Dutch Defence: Leningrad System: 5 Nf3.} 10. Qc2 Na6 11. a3 Re8 {The position is equal.} 12. e4 fxe4 13. Nxe4 Bf5 14. Nfd2 $5 {[%mdl 4] [#] An interesting side line.} Qd7 $146 ({Predecessor:} 14... Nxe4 15. Bxe4 Qd7 16. Rad1 e6 17. Rfe1 Qf7 18. Bd3 d5 19. Re3 Nc7 20. Rde1 Bh6 21. R3e2 Rf8 22. f4 g5 23. cxd5 Nxd5 24. fxg5 {½-½ (24) Paap,M (2234)-Sobirey,M (2316) ICCF email 2017}) 15. Nxf6+ exf6 16. Qc3 a4 17. bxa4 Nc7 18. a5 d5 19. a4 Bh6 20. f4 Bf8 21. Rfe1 h5 22. Nb3 (22. Qb3 {keeps more tension.} h4 23. c5 Ne6 24. Nf1 Ng7 25. Bf3) 22... Rad8 23. Rxe8 Qxe8 24. Re1 Qf7 25. c5 Re8 26. Rxe8 Qxe8 27. Kf2 Na6 28. Bc1 Be7 29. Bd2 Bd8 30. Nc1 Bg4 31. Qb3 Qe7 32. Bc3 Kf8 33. Bf1 Qe4 {...Qf3+ is the strong threat.} 34. Bg2 $36 {[%mdl 2048] White has the initiative.} Qe7 35. h3 Bc8 36. Ne2 Bf5 37. Bf1 Bd3 38. Bd2 Bc4 39. Qb1 Kf7 (39... f5 $11) 40. f5 g5 41. Ng1 Bxf1 (41... Bc7 $14) 42. Kxf1 $16 Kf8 43. Kg2 Kg8 44. Kf2 Bc7 45. Nf3 Bb8 46. Be1 Qc7 47. Kg2 Qe7 48. Bf2 Kf8 49. Kf1 Ke8 50. Nd2 Kf8 51. Qd1 ({Better is} 51. Kg2 $16) 51... Qe8 52. Qb1 Qe7 53. Qb3 Kg7 54. Nf3 Kf8 55. h4 g4 56. Ng1 Kg8 57. Ne2 Kh8 $2 (57... Kf7 $16 58. Be1 Ke8) 58. Be3 $2 (58. Qb1 $18) 58... Qe4 (58... Bc7 $1 $14) 59. Bf2 ({Stronger than} 59. Qxb7 Qxe3 60. Qc8+ (60. Qxa6 Bxg3 61. Nxg3 Qf3+ 62. Ke1 Qxg3+ {[%mdl 64] Double Attack} 63. Kf1 Qxh4 $11) 60... Kh7 $11) (59. Bf4 $142 $1 {[%cal Rf4b8] Threatens to win with Bxb8.} Qf3+ 60. Qxf3 gxf3 61. Nc3 Bxf4 62. gxf4) 59... Qe7 $1 $18 60. Be1 Qd7 61. Qb1 (61. Bd2 $18) 61... Qe7 $2 (61... Qc8 $16 62. Bd2 Bc7) 62. Bd2 Kg8 63. Kf2 Bc7 {[#]} 64. Bf4 $1 Bxa5 65. Bd6 Qe4 66. Qxe4 dxe4 {[%mdl 4096] Endgame [#] KBN-KBN} 67. Ke3 (67. Nf4 $1 $18 {is the precise move to win.}) 67... Nb4 $16 68. Kxe4 {Strongly threatening Nf4.} Nd5 69. Kd3 (69. Nf4 $16 Nxf4 70. Bxf4 (70. Kxf4 Kf7 $14)) 69... Kf7 $11 70. Nc1 Ke8 71. Nb3 Be1 72. Na1 Kd7 73. Nc2 Ba5 74. Ne3 Nxe3 75. Kxe3 {KB-KB} Be1 76. Bf4 Ke7 ({Black should try} 76... Kd8 $11) 77. Ke2 $1 $14 {[%cal Re2e1]} Bc3 78. Be3 $1 Kd7 79. Bf2 Ba5 80. Be1 Bc7 81. Kd3 Kc8 82. Ke4 Kd7 83. Bf2 Bb8 84. d5 cxd5+ 85. Kxd5 Be5 86. Be1 Bb2 87. a5 Be5 88. Bf2 Bc3 (88... Bc7 $11 {keeps the balance.}) 89. Bd4 $16 {White wants to mate with a6.} Be1 $2 {[%mdl 8192]} (89... Bxa5 $16 90. Bxf6 Bd2) 90. Bxf6 (90. a6 $142 bxa6 91. Bxf6 Bxg3 92. c6+ Kc8 93. Bg5 Be1 94. f6 Bc3 95. Kc4) 90... Bxg3 91. Bg5 {White mates.} Be1 92. f6 Bc3 93. f7 Bg7 {[#]} 94. Bf4 {Played: Bg5-f6} 1-0